000 00460pab a2200169 454500
008 180718b2009 xxu||||| |||| 00| 0 eng d
100 _aLee, Chien-Chung
245 _aOptimal human allocation of medical care item with service level objective in general hospital
260 _c2009
300 _ap.173-86.
362 _aJul
650 _aHospitals
650 _aHealth services
773 _aIndian Journal of Economics
908 _aN
909 _a86018
999 _c86018
_d86018